5HLuxD.jpg

KING HENRY VIII SENIOR AND PRIMARY SCHOOL LIBRARY OPAC

Double cross / (Record no. 810)

000 -LEADER
fixed length control field 01407nam a22003498i 4500
001 - CONTROL NUMBER
control field 020812311
003 - CONTROL NUMBER IDENTIFIER
control field UkOxU
005 - DATE AND TIME OF LATEST TRANSACTION
control field 20191220100431.0
008 - FIXED-LENGTH DATA ELEMENTS--GENERAL INFORMATION
fixed length control field 161201r20172008enk j 000|f|eng|d
015 ## - NATIONAL BIBLIOGRAPHY NUMBER
National bibliography number GBB716640
Source bnb
016 7# - NATIONAL BIBLIOGRAPHIC AGENCY CONTROL NUMBER
Record control number 018213570
Source Uk
020 ## - INTERNATIONAL STANDARD BOOK NUMBER
International Standard Book Number 9780141378671 (pbk.) :
035 ## - SYSTEM CONTROL NUMBER
System control number (Uk)018213570
035 ## - SYSTEM CONTROL NUMBER
System control number (StEdALDL)1/3541738
040 ## - CATALOGING SOURCE
Original cataloging agency StDuBDS
Language of cataloging eng
Description conventions rda
Transcribing agency StDuBDS
049 ## - LOCAL HOLDINGS (OCLC)
Holding library CROBAR
082 ## - DEWEY DECIMAL CLASSIFICATION NUMBER
Classification number FIC BLA
100 1# - MAIN ENTRY--PERSONAL NAME
Personal name Blackman, Malorie,
Relator term author.
245 10 - TITLE STATEMENT
Title Double cross /
Statement of responsibility, etc. Malorie Blackman.
263 ## - PROJECTED PUBLICATION DATE
Projected publication date 201704
264 #1 - PRODUCTION, PUBLICATION, DISTRIBUTION, MANUFACTURE, AND COPYRIGHT NOTICE
Place of production, publication, distribution, manufacture London :
Name of producer, publisher, distributor, manufacturer Penguin Books,
Date of production, publication, distribution, manufacture, or copyright notice 2017.
300 ## - PHYSICAL DESCRIPTION
Extent 1 volume ;
Dimensions 20 cm.
336 ## - CONTENT TYPE
Content type term text
Source rdacontent
337 ## - MEDIA TYPE
Media type term unmediated
Source rdamedia
338 ## - CARRIER TYPE
Carrier type term volume
Source rdacarrier
490 0# - SERIES STATEMENT
Series statement The noughts & crosses series
500 ## - GENERAL NOTE
General note Originally published: London: Doubleday, 2008.
520 ## - SUMMARY, ETC.
Summary, etc. Just this once ... Please let me get away with it just this once ... Tobey wants a better life - for him and his girlfriend Callie Rose. He wants nothing to do with the gangs that rule the world he lives in. But when he's offered the chance to earn some money just for making a few 'deliveries', just this once, would it hurt to say 'yes'? One small decision can change everything ... The fourth novel in Malorie Blackman's powerful Noughts & Crosses sequence
655 #0 - INDEX TERM--GENRE/FORM
Genre/form data or focus term Dystopias.
655 #0 - INDEX TERM--GENRE/FORM
Genre/form data or focus term Young adult fiction.
942 ## - ADDED ENTRY ELEMENTS (KOHA)
Source of classification or shelving scheme
Koha item type Books - Fiction
Holdings
Withdrawn status Lost status Source of classification or shelving scheme Damaged status Not for loan Collection code Permanent Location Current Location Shelving location Date acquired Total Checkouts Total Renewals Full call number Barcode Date last seen Date last checked out Price effective from Koha item type
          Fiction KH8 Senior School Library KH8 Senior School Library Fiction 2019-12-20 6 1 FIC BLA 3KHSL000101557 2024-07-16 2023-12-06 2019-12-20 Books - Fiction

Powered By KH8 IT Dept